[Event "SRB-chT Cup"]
[Site "Zlatibor"]
[Date "2008.06.19"]
[Round "4.3"]
[White "Vratonjic, Slobodan"]
[Black "Jeremic, Veljko"]
[Result "1/2-1/2"]
[WhiteElo "2422"]
[BlackElo "2503"]
[PlyCount "110"]
[EventDate "2008.06.16"]
[EventType "team"]
[EventRounds "9"]
[EventCountry "YUG"]
[SourceTitle "CBM 125 Extra"]
[Source "ChessBase"]
[SourceDate "2008.09.01"]
[SourceVersion "1"]
[SourceVersionDate "2008.09.01"]
[SourceQuality "1"]

1. e4 e6 2. d4 d5 3. Nc3 dxe4 4. Nxe4 Nd7 5. Bd3 Ngf6 6. Qe2 c5 7. Nxf6+ Nxf6 8. dxc5 Bxc5 9. Nf3 0-0 10. Bg5 Qa5+ 11. c3 Be7 12. 0-0 h6 13. Bh4 Qh5 14. Rad1 Rd8 15. Bb5 a6 16. Rxd8+ Bxd8 17. Rd1 Bc7 18. Bd3 Rb8 19. Bg3 Bxg3 20. hxg3 Qc5 21. Qe5 Qxe5 22. Nxe5 Kf8 23. a4 Nd7 24. Nc4 Ke7 25. a5 Nf6 26. f3 Bd7 27. Nb6 Bc6 28. g4 Rd8 29. Be2 Nd5 30. Nxd5+ Rxd5 31. Rxd5 Bxd5 32. b4 Kd6 33. Kf2 g5 34. c4 Bc6 35. Bd3 Ke5 36. b5 Bd7 37. Be4 Bc8 38. Ke3 f5 39. gxf5 exf5 40. bxa6 bxa6 41. Ba8 f4+ 42. Kd3 h5 43. Bd5 g4 44. fxg4 hxg4 45. g3 fxg3 46. Ke3 Kd6 47. Kd4 Bd7 48. c5+ Kc7 49. Ke3 Bc6 50. Be6 Bf3 51. Bc4 Bb7 52. Bd3 Bc8 53. Be4 Bb7 54. Bd3 Bc8 55. Be4 Bb7 1/2-1/2

[Event "SRB-chT 1st"]
[Site "Zlatibor"]
[Date "2007.08.26"]
[Round "6"]
[White "Jeremic, Veljko"]
[Black "Barlov, Dragan"]
[Result "1/2-1/2"]
[WhiteElo "2523"]
[BlackElo "2469"]
[PlyCount "108"]
[EventDate "2007.08.21"]
[EventType "team-tourn"]
[EventRounds "11"]
[EventCountry "YUG"]
[SourceTitle "CBM 120 Extra"]
[Source "ChessBase"]
[SourceDate "2007.11.01"]
[SourceVersion "1"]
[SourceVersionDate "2007.11.01"]
[SourceQuality "1"]

1. d4 Nf6 2. c4 c5 3. d5 g6 4. Nc3 d6 5. Nf3 Bg7 6. h3 0-0 7. Bf4 e5 8. dxe6 Bxe6 9. Bxd6 Re8 10. Bxb8 Qxb8 11. e3 Nd7 12. Be2 Ne5 13. Qa4 a6 14. 0-0 Nxc4 15. Bxc4 b5 16. Nxb5 axb5 17. Qxb5 Qxb5 18. Bxb5 Reb8 19. a4 Bxb2 20. Rab1 Bc3 21. Rbc1 Bb4 22. Ne5 Bb3 23. Nd7 Rd8 24. Nxc5 Bxc5 25. Rxc5 Bxa4 26. Be2 Bb3 27. Rb1 Be6 28. Rb2 Ra2 29. Rxa2 Bxa2 30. g4 Kg7 31. Kg2 Be6 32. Kg3 Rb8 33. Bb5 Ra8 34. f4 Ra5 35. Re5 h6 36. h4 Kf6 37. g5+ hxg5 38. hxg5+ Ke7 39. Kf3 Kd6 40. Ke4 Ra1 41. Kd4 Rd1+ 42. Bd3 Ra1 43. Bc2 Rc1 44. Rc5 Rf1 45. Ra5 Rc1 46. Ra6+ Ke7 47. Bd3 Rd1 48. e4 Bh3 49. Ra7+ Kf8 50. Ke3 Be6 51. f5 gxf5 52. exf5 Rxd3+ 53. Kxd3 Bxf5+ 54. Kd4 Kg7 1/2-1/2

[Event "SRB-chT 1st"]
[Site "Zlatibor"]
[Date "2007.08.24"]
[Round "4"]
[White "Pavlovic, Milos M"]
[Black "Jeremic, Veljko"]
[Result "1/2-1/2"]
[WhiteElo "2438"]
[BlackElo "2523"]
[PlyCount "52"]
[EventDate "2007.08.21"]
[EventType "team-tourn"]
[EventRounds "11"]
[EventCountry "YUG"]
[SourceTitle "CBM 120 Extra"]
[Source "ChessBase"]
[SourceDate "2007.11.01"]
[SourceVersion "1"]
[SourceVersionDate "2007.11.01"]
[SourceQuality "1"]

1. Nf3 Nf6 2. c4 e6 3. g3 b6 4. Bg2 Bb7 5. 0-0 c5 6. Nc3 Be7 7. d4 cxd4 8. Qxd4 d6 9. Bg5 a6 10. Bxf6 Bxf6 11. Qf4 Ra7 12. Rfd1 Be7 13. Ne4 Bxe4 14. Qxe4 Rd7 15. Nd4 0-0 16. e3 Qc7 17. Rac1 Rc8 18. Qb1 Qd8 19. b4 Rdc7 20. b5 axb5 21. cxb5 d5 22. Rxc7 Qxc7 23. e4 dxe4 24. Qxe4 g6 25. Nc6 Nxc6 26. bxc6 Rd8 1/2-1/2

[Event "Kavala op 16th"]
[Site "Kavala"]
[Date "2007.08.11"]
[Round "8"]
[White "Jeremic, Veljko"]
[Black "Sanikidze, Tornike"]
[Result "1/2-1/2"]
[WhiteElo "2523"]
[BlackElo "2427"]
[PlyCount "67"]
[EventDate "2007.08.05"]
[EventType "swiss"]
[EventRounds "9"]
[EventCountry "GRE"]
[SourceTitle "CBM 119 Extra"]
[Source "ChessBase"]
[SourceDate "2007.09.04"]
[SourceVersion "1"]
[SourceVersionDate "2007.09.04"]
[SourceQuality "1"]

1. d4 Nf6 2. c4 g6 3. Nc3 d5 4. Bf4 Bg7 5. e3 c5 6. dxc5 Qa5 7. Rc1 dxc4 8. Bxc4 0-0 9. Nf3 Qxc5 10. Bb3 Nc6 11. 0-0 Qa5 12. Qe2 Nh5 13. Bg5 h6 14. Bh4 g5 15. Rfd1 e6 16. Na4 Qb4 17. Rc5 e5 18. Bg3 Nxg3 19. hxg3 Qg4 20. Qb5 Qb4 21. Qxb4 Nxb4 22. Rc7 e4 23. Nd4 Na6 24. Re7 Bf6 25. Rxe4 Bd7 26. Ne2 Bxa4 27. Rxa4 Bxb2 28. Bd5 Rfd8 29. e4 Nc5 30. Rc4 Rac8 31. f4 b6 32. Rb1 Bg7 33. Rf1 Ne6 34. Rfc1 1/2-1/2

[Event "Kavala op 16th"]
[Site "Kavala"]
[Date "2007.08.05"]
[Round "1"]
[White "Tepelenis, Nikolaos"]
[Black "Jeremic, Veljko"]
[Result "0-1"]
[WhiteElo "2161"]
[BlackElo "2523"]
[PlyCount "102"]
[EventDate "2007.08.05"]
[EventType "swiss"]
[EventRounds "9"]
[EventCountry "GRE"]
[SourceTitle "CBM 119 Extra"]
[Source "ChessBase"]
[SourceDate "2007.09.04"]
[SourceVersion "1"]
[SourceVersionDate "2007.09.04"]
[SourceQuality "1"]

1. d4 Nf6 2. Nf3 e6 3. Nbd2 c5 4. e3 b6 5. c3 Bb7 6. Bd3 Be7 7. 0-0 d6 8. e4 Nbd7 9. Re1 Qc7 10. a4 a6 11. Qe2 e5 12. d5 0-0 13. Nf1 Nh5 14. c4 Bc8 15. g3 g6 16. Bh6 Ng7 17. Ne3 Nf6 18. Ng5 Nfh5 19. Rf1 Qd8 20. h4 Ra7 21. Kg2 f6 22. Nh3 f5 23. exf5 gxf5 24. f4 e4 25. Bc2 Bf6 26. Bg5 Qe8 27. Bxf6 Nxf6 28. Nf2 Ngh5 29. Kh2 Rg7 30. Nh1 Kh8 31. Qf2 Ng4+ 32. Nxg4 Rxg4 33. Bd1 Nf6 34. Kh3 Rg7 35. Ra3 Bd7 36. Qd2 Qd8 37. Be2 a5 38. Qe3 h6 39. b3 Rfg8 40. Rg1 Be8 41. Raa1 Bh5 42. Bxh5 Nxh5 43. Qc3 Kh7 44. Raf1 Rg4 45. Qe3 Qf6 46. Kh2 Qd4 47. Re1 Qf6 48. Ref1 Qb2+ 49. Rg2 Qd4 50. Re1 Nxf4 51. Rf2 Nd3 0-1